| 000 | 00889cab a2200241 4500 | ||
|---|---|---|---|
| 001 | WB3119-15 | ||
| 008 | 090401t1995 xxu||||| |||| 00| 0 eng d | ||
| 035 | _a(Sirsi) u70531 | ||
| 041 | _aeng | ||
| 245 | _aShopping `theatres` make the shape of retail to come | ||
| 260 | _c1995 | ||
| 350 | _a0 | ||
| 490 |
_aIndependent _v15 May 1995, 6(1) |
||
| 520 | _aEuromonitor`s "Retail structure in Europe 2000" suggests that retailers will have to introduce more leisure activities into shopping and improve service to customers in order to compete with mail order and teleshopping. Covent Garden and the Metro Centres are quoted as examples. | ||
| 650 | _aLEISURE ACTIVITIES | ||
| 650 | _aMAIL ORDER | ||
| 650 | _aRETAIL DEVELOPMENT | ||
| 650 | _aSHOPPING | ||
| 650 | _aTELESHOPPING | ||
| 690 | _aPROPERTY-COMMERCIAL PROPERTY-RETAIL PROPERTY | ||
| 942 | _n0 | ||
| 948 | _c04/03/1997 | ||
| 999 |
_c44369 _d44369 |
||